|
|
|
|
| LEADER |
00000nam0a2200000 4500 |
| 001 |
307829 |
| 005 |
20231102002031.0 |
| 035 |
|
|
|a (RuTPU)RU\TPU\book\333136
|
| 090 |
|
|
|a 307829
|
| 100 |
|
|
|a 20151026d1965 k y0rusy50 ca
|
| 101 |
0 |
|
|a rus
|
| 102 |
|
|
|a RU
|
| 105 |
|
|
|a a z 001zy
|
| 200 |
1 |
|
|a Методы исследования напряжений. Проблемы прочности в машиностроении
|e [сборник статей]
|f Академия наук СССР, Государственный научно-исследовательский институт машиноведения им. А. А. Благонравова ; под ред. Н. И. Пригоровского
|
| 210 |
|
|
|a Москва
|c Наука
|d 1965
|
| 215 |
|
|
|a 143 с.
|c ил.
|
| 320 |
|
|
|a Библиогр. в конце статей
|
| 606 |
1 |
|
|a Детали машин
|x Прочность
|2 stltpush
|3 (RuTPU)RU\TPU\subj\9242
|9 36518
|
| 610 |
1 |
|
|a напряжения
|
| 610 |
1 |
|
|a исследования
|
| 610 |
1 |
|
|a деформации
|
| 610 |
1 |
|
|a напряжения
|
| 610 |
1 |
|
|a конструкции
|
| 610 |
1 |
|
|a сооружения
|
| 610 |
1 |
|
|a тензодатчики
|
| 610 |
1 |
|
|a автоматические приборы
|
| 610 |
1 |
|
|a электрические модели
|
| 675 |
|
|
|a 621.81:539.4
|v 3
|
| 702 |
|
1 |
|a Пригоровский
|b Н. И.
|4 340
|
| 712 |
0 |
2 |
|a Академия наук СССР
|b Государственный научно-исследовательский институт машиноведения им. А. А. Благонравова
|c (Москва)
|c (1962-1979)
|2 stltpush
|3 (RuTPU)RU\TPU\col\27800
|9 28893
|
| 801 |
|
1 |
|a RU
|b 63413507
|c 20151026
|
| 801 |
|
2 |
|a RU
|b 63413507
|c 20220221
|g RCR
|
| 942 |
|
|
|c BK
|